00459nam a2200181Ia 450000500170000000800410001702000120005804000190007004100120008908200170010110000160011824500400013426000400017430000110021465000230022565100190024885000100026720230320110826.0131103s9999 xx 000 0 und d cRs.5.00 aLoreto College aEnglish a891.441bDEY aDey, Bishnu aSmriti Swatwa BhabiswatcBishnu Dey aKolkatabSambadhi Publicationc1966 a152p.  aBengali Literature aBengali Poetry aLCLIB